Պատմութիւն : (Record no. 122912)
[ view plain ]
| 000 -LEADER | |
|---|---|
| fixed length control field | 00844nam a2200229 a 4500 |
| 001 - CONTROL NUMBER | |
| control field | 000328727 |
| 003 - CONTROL NUMBER IDENTIFIER | |
| control field | AM-YeHGA |
| 005 - DATE AND TIME OF LATEST TRANSACTION | |
| control field | 20250618072051.0 |
| 008 - FIXED-LENGTH DATA ELEMENTS--GENERAL INFORMATION | |
| fixed length control field | 040420s1882 gs |||||||||||||||||arm|d |
| 040 ## - CATALOGING SOURCE | |
| Original cataloging agency | AM-YeHGA |
| 041 0# - LANGUAGE CODE | |
| Language code of text/sound track or separate title | arm |
| 090 ## - LOCALLY ASSIGNED LC-TYPE CALL NUMBER (OCLC); LOCAL CALL NUMBER (RLIN) | |
| -- | 124266 |
| 100 0# - MAIN ENTRY--PERSONAL NAME | |
| Personal name | Ագաթանգեղոս, |
| Dates associated with a name | IV |
| 245 10 - TITLE STATEMENT | |
| Title | Պատմութիւն : |
| Remainder of title | Ընտիր մատենագիրք / |
| Statement of responsibility, etc. | Ագաթանգեղոս. |
| 246 1# - VARYING FORM OF TITLE | |
| Title proper/short title | Ագաթանգեղայ պատմութիւն |
| 260 ## - PUBLICATION, DISTRIBUTION, ETC. | |
| Place of publication, distribution, etc. | Թիֆլիս : |
| Name of publisher, distributor, etc. | տպ. Յովհաննէս Մարտիրոսեանցի, |
| Date of publication, distribution, etc. | 1882. |
| 300 ## - PHYSICAL DESCRIPTION | |
| Extent | (Բ, 524) էջ ; |
| Dimensions | 18 սմ. |
| 504 ## - BIBLIOGRAPHY, ETC. NOTE | |
| Bibliography, etc. note | Ցանկ էջ՝ 513-524 |
| 650 14 - SUBJECT ADDED ENTRY--TOPICAL TERM | |
| Topical term or geographic name entry element | Հայոց պատմություն |
| 650 14 - SUBJECT ADDED ENTRY--TOPICAL TERM | |
| Topical term or geographic name entry element | Հայ պատմիչների ստեղծագործությունները որպես պատմական աղբյուրներ |
| 9 (RLIN) | 4992 |
| 942 ## - ADDED ENTRY ELEMENTS (KOHA) | |
| Source of classification or shelving scheme | Universal Decimal Classification |
| Koha item type | Գրքեր / Books |
| Withdrawn status | Lost status | Source of classification or shelving scheme | Damaged status | Not for loan | Collection | Home library | Current library | Date acquired | Total checkouts | Full call number | Barcode | Date last seen | Price effective from | Koha item type | Public note |
|---|---|---|---|---|---|---|---|---|---|---|---|---|---|---|---|
| Universal Decimal Classification | Agulian Individual Collection | Fundamental Scientific Library | Fundamental Scientific Library | 22/12/2016 | Agul/79 | FL0080930 | 22/12/2016 | 22/12/2016 | Գրքեր / Books | ILL Non-Circ. | |||||
| General | Fundamental Scientific Library | Fundamental Scientific Library | 22/12/2016 | AI/12316 | FL0051369 | 22/12/2016 | 22/12/2016 | Գրքեր / Books | 30 Days Loan | ||||||
| General | Fundamental Scientific Library | Fundamental Scientific Library | 22/12/2016 | AI/16976 | FL0059247 | 22/12/2016 | 22/12/2016 | Գրքեր / Books | 30 Days Loan | ||||||
| General | Fundamental Scientific Library | Fundamental Scientific Library | 22/12/2016 | AI/16977 | FL0059248 | 22/12/2016 | 22/12/2016 | Գրքեր / Books | 30 Days Loan | ||||||
| General | Fundamental Scientific Library | Fundamental Scientific Library | 22/12/2016 | AI/16978 | FL0059249 | 22/12/2016 | 22/12/2016 | Գրքեր / Books | 30 Days Loan | ||||||
| General | Fundamental Scientific Library | Fundamental Scientific Library | 22/12/2016 | AI/16979 | FL0059250 | 22/12/2016 | 22/12/2016 | Գրքեր / Books | 30 Days Loan | ||||||
| General | Fundamental Scientific Library | Fundamental Scientific Library | 22/12/2016 | AI/16980 | FL0059251 | 22/12/2016 | 22/12/2016 | Գրքեր / Books | 30 Days Loan | ||||||
| Universal Decimal Classification | Kusikian Individual Collection | Fundamental Scientific Library | Fundamental Scientific Library | 19/02/2020 | Կուս/224 | FL0622380 | 19/02/2020 | 19/02/2020 | Գրքեր / Books | ILL Non-Circ. |
ՀՀ Գիտությունների ազգային ակադեմիայի հիմնարար գիտական գրադարան = Fundamental Scientific Library of NAS RA
All site content, except where otherwise noted, is licensed under a